Информационные технологии в управлении здравоохранением Российской Федерации: учебное пособие для системы послевузовского профессионального образования врачей/

В пособии отражена роль информационных технологий в повышении эффективности управления медицинскими организациями и здравоохранением в целом. В отличие от ранее изданного учебного пособия в нем представлены основные положения государственной политики и законодательных актов в области информатизаци...

Полное описание

Библиографическая информация
Главные авторы: Мартыненко, В. Ф. Владислав Филиппович (Автор), Вялкова, Г. М. Галина Михайловна (Автор), Полесский, В. А. организация здравоохранения Владимир Александрович (Автор), Беляев, Е. Н. гигиена 19371022 Евгений Николаевич (Автор), Гройсман, В. А. (Автор), Серегина, И. Ф. Ирина Федоровна (Автор)
Другие авторы: Вялков, А. И. организация здравоохранения 19481009-20180517 Анатолий Иванович (Редактор)
Формат: Книга
Публикация: М.: ГЭОТАР-Медиа 2009
Редактирование:2-е изд., перераб. и доп.
Серии:Учебное пособие
Предметы:
Online-ссылка:https://www.studentlibrary.ru/book/ISBN9785970412053.html
Перейти в каталог НМБ СибГМУ
LEADER 03785nmm a2200349 i 4500
001 LibSMU0000082245
008 200412s2009 ru_uu d
008 rus d
020 |a 978597041205-3 
040 |a НМБ СибГМУ  |b rus 
245 0 0 |a Информационные технологии в управлении здравоохранением Российской Федерации:   |b учебное пособие для системы послевузовского профессионального образования врачей/  |c В. Ф. Мартыненко [и др.] ; ред. : А. И. Вялков 
250 |a 2-е изд., перераб. и доп. 
260 |a М.:  |b ГЭОТАР-Медиа  |c 2009 
300 |a 2481 с.r=on-line 
440 0 |a Учебное пособие 
520 |a В пособии отражена роль информационных технологий в повышении эффективности управления медицинскими организациями и здравоохранением в целом. В отличие от ранее изданного учебного пособия в нем представлены основные положения государственной политики и законодательных актов в области информатизации здравоохранения. Важное место отведено характеристике информационных технологий нового поколения, используемых при управлении качеством медицинской помощи и реализации профилактических программ в здравоохранении. Учебное пособие предназначено для руководителей органов и учреждений здравоохранения, практических врачей, специалистов в области информационных технологий, а также преподавателей и слушателей системы последипломного образования медицинских работников. Гриф УМО по медицинскому и фармацевтическому образованию вузов России. 
538
535 2 |a НМБ СибГМУ г.Томск  |d https://lib.ssmu.ru  |s 63480700 
653 0 |a ЭЛЕКТРОННАЯ ПОДПИСЬ ВРАЧА 
653 0 |a МЕДИЦИНСКИЕ УСЛУГИ 
653 0 |a МЕДИЦИНСКАЯ ИНФОРМАЦИЯ 
653 0 |a МОНИТОРИНГ 
852 |a НМБ СибГМУ  |j -857794  |p Кс160  |b ЭБС КС 
700 1 |a Мартыненко, В. Ф.  |q Владислав Филиппович  |4 aut 
700 1 |a Вялкова, Г. М.  |q Галина Михайловна  |4 aut 
700 1 |a Полесский, В. А.  |c организация здравоохранения  |q Владимир Александрович  |4 aut 
700 1 |a Беляев, Е. Н.  |c гигиена  |d 19371022  |q Евгений Николаевич  |4 aut 
700 1 |a Гройсман, В. А.  |4 aut 
700 1 |a Серегина, И. Ф.  |q Ирина Федоровна  |4 aut 
700 1 |a Вялков, А. И.  |c организация здравоохранения  |d 19481009-20180517  |q Анатолий Иванович  |4 edt 
856 4 |u https://www.studentlibrary.ru/book/ISBN9785970412053.html 
856 |y Перейти в каталог НМБ СибГМУ  |u https://irbis64.ssmu.ru/cgi-bin/irbis64r_14/cgiirbis_64.exe?Z21ID=&P21DBN=BOOK&I21DBN=BOOK&S21FMT=fullwebr&C21COM=S&2_S21P02=0&2_S21P03=I=&2_S21STR=-857794